000 00302nam a22001097a 4500
082 _a355
100 _aGuider
_979384
245 _a10 Practice Sets NDA/NA 3240 MCQS Obj. Ques.
260 _aनई दिल्‍ली
_bGuider Competitive Group
_c2020
650 _aMiletry Science
_979409
942 _cBK
999 _c63010
_d63010